[Event "DVM U20w 2023"]
[Site "Magdeburg GER"]
[Date "2023.12.29"]
[Round "5"]
[White "Frowein, Jamie"]
[Black "Schülke, Rosalie"]
[Result "0-1"]
[Termination "normal"]
[Board "4.3"]
[WhiteElo "1430"]
[BlackElo "1554"]
[WhiteClock "00:01:59"]
[BlackClock "00:05:54"]
[WhiteTeam "SC Garching 1980"]
[BlackTeam "SV Königsjäger Süd-West"]
[PlyCount "76"]
[WhiteFideId "16282949"]
[BlackFideId "16287436"]
[EventCountry "GER"]
[EventRounds "7"]
[EventType "team-swiss"]
[EventDate "2023.12.26"]

1. c4 {[%clk 01:30:57]} {[%emt 00:00:03]} e5 {[%clk 01:30:50]} {[%emt
00:00:10]} 2. Nc3 {[%clk 01:31:21]} {[%emt 00:00:06]} Nf6 {[%clk 01:31:03]}
{[%emt 00:00:16]} 3. Nf3 {[%clk 01:31:34]} {[%emt 00:00:18]} Nc6 {[%clk
01:30:36]} {[%emt 00:00:58]} 4. e3 {[%clk 01:31:00]} {[%emt 00:01:03]} Bb4
{[%clk 01:27:55]} {[%emt 00:03:11]} 5. Qc2 {[%clk 01:30:51]} {[%emt 00:00:39]}
Bxc3 {[%clk 01:24:06]} {[%emt 00:04:19]} 6. Qxc3 {[%clk 01:27:50]} {[%emt
00:03:31]} d6 {[%clk 01:23:58]} {[%emt 00:00:37]} 7. d4 {[%clk 01:25:21]}
{[%emt 00:03:00]} e4 {[%clk 01:17:29]} {[%emt 00:06:58]} 8. Nd2 {[%clk
01:22:51]} {[%emt 00:03:00]} Bf5 {[%clk 01:14:09]} {[%emt 00:03:51]} 9. Be2
{[%clk 01:19:49]} {[%emt 00:03:32]} O-O {[%clk 01:13:19]} {[%emt 00:01:20]} 10.
O-O {[%clk 01:19:44]} {[%emt 00:00:35]} Rc8 {[%clk 01:08:29]} {[%emt 00:05:19]}
11. b4 {[%clk 01:11:01]} {[%emt 00:09:14]} Nb8 {[%clk 01:00:04]} {[%emt
00:08:55]} 12. a4 {[%clk 01:06:41]} {[%emt 00:04:49]} d5 {[%clk 00:54:34]}
{[%emt 00:06:01]} 13. cxd5 {[%clk 01:03:09]} {[%emt 00:04:01]} Nxd5 {[%clk
00:54:07]} {[%emt 00:00:58]} 14. Qb3 {[%clk 01:01:32]} {[%emt 00:02:08]} c6
{[%clk 00:47:57]} {[%emt 00:06:39]} 15. Rd1 {[%clk 00:58:10]} {[%emt 00:03:52]}
Qg5 {[%clk 00:45:30]} {[%emt 00:02:56]} 16. Nf1 {[%clk 00:57:55]} {[%emt
00:00:45]} h5 {[%clk 00:42:57]} {[%emt 00:03:04]} 17. Ng3 {[%clk 00:56:04]}
{[%emt 00:02:21]} Bg6 {[%clk 00:41:23]} {[%emt 00:02:03]} 18. f4 {[%clk
00:49:19]} {[%emt 00:07:15]} Qh4 {[%clk 00:34:20]} {[%emt 00:07:33]} 19. f5
{[%clk 00:45:14]} {[%emt 00:04:36]} Bh7 {[%clk 00:34:37]} {[%emt 00:00:13]} 20.
Bxh5 {[%clk 00:40:03]} {[%emt 00:05:41]} Bxf5 {[%clk 00:30:47]} {[%emt
00:04:20]} 21. Rf1 {[%clk 00:31:52]} {[%emt 00:08:40]} Be6 {[%clk 00:29:10]}
{[%emt 00:02:08]} 22. Qd1 {[%clk 00:26:08]} {[%emt 00:06:14]} g6 {[%clk
00:28:55]} {[%emt 00:00:45]} 23. Be2 {[%clk 00:25:32]} {[%emt 00:01:06]} Nd7
{[%clk 00:27:22]} {[%emt 00:02:03]} 24. Nh1 {[%clk 00:18:34]} {[%emt 00:07:27]}
Kg7 {[%clk 00:26:17]} {[%emt 00:01:35]} 25. Nf2 {[%clk 00:16:38]} {[%emt
00:02:27]} Rh8 {[%clk 00:24:39]} {[%emt 00:02:08]} 26. Nh3 {[%clk 00:15:27]}
{[%emt 00:01:41]} Bxh3 {[%clk 00:23:25]} {[%emt 00:01:44]} 27. gxh3 {[%clk
00:15:44]} {[%emt 00:00:13]} Qxh3 {[%clk 00:22:38]} {[%emt 00:01:17]} 28. Rf2
{[%clk 00:15:35]} {[%emt 00:00:38]} f5 {[%clk 00:21:48]} {[%emt 00:01:21]} 29.
Qf1 {[%clk 00:14:30]} {[%emt 00:01:35]} Qh4 {[%clk 00:21:19]} {[%emt 00:00:59]}
30. Rg2 {[%clk 00:13:32]} {[%emt 00:01:27]} Kf7 {[%clk 00:20:45]} {[%emt
00:01:04]} 31. Bg4 {[%clk 00:11:14]} {[%emt 00:02:49]} N7f6 {[%clk 00:19:31]}
{[%emt 00:01:45]} 32. Bd1 {[%clk 00:10:42]} {[%emt 00:01:02]} Ke7 {[%clk
00:15:53]} {[%emt 00:04:07]} 33. Raa2 {[%clk 00:09:44]} {[%emt 00:01:28]} Nc3
{[%clk 00:11:15]} {[%emt 00:05:07]} 34. Raf2 {[%clk 00:05:30]} {[%emt
00:04:45]} Nxd1 {[%clk 00:11:08]} {[%emt 00:00:37]} 35. Qxd1 {[%clk 00:05:54]}
{[%emt 00:00:05]} Ng4 {[%clk 00:10:47]} {[%emt 00:00:52]} 36. Rf4 {[%clk
00:04:59]} {[%emt 00:01:25]} g5 {[%clk 00:06:54]} {[%emt 00:04:23]} 37. Rxf5
{[%clk 00:04:19]} {[%emt 00:01:10]} Nxh2 {[%clk 00:07:10]} {[%emt 00:00:14]}
38. Qc2 {[%clk 00:01:59]} {[%emt 00:02:50]} Qe1+ {[%clk 00:05:54]} {[%emt
00:01:45]} 0-1

[Event "DVM U20w 2023"]
[Site "Magdeburg GER"]
[Date "2023.12.29"]
[Round "5"]
[White "Richter, Anastasia"]
[Black "Muhina, Liana"]
[Result "1-0"]
[Termination "normal"]
[Board "4.4"]
[WhiteElo "1353"]
[BlackElo "1192"]
[WhiteClock "00:06:10"]
[BlackClock "00:31:09"]
[WhiteTeam "SV Königsjäger Süd-West"]
[BlackTeam "SC Garching 1980"]
[PlyCount "145"]
[WhiteFideId "34659099"]
[BlackFideId "16266145"]
[EventCountry "GER"]
[EventRounds "7"]
[EventType "team-swiss"]
[EventDate "2023.12.26"]

1. e4 {[%clk 01:30:57]} {[%emt 00:00:02]} d5 {[%clk 01:30:54]} {[%emt
00:00:06]} 2. exd5 {[%clk 01:31:22]} {[%emt 00:00:06]} Qxd5 {[%clk 01:31:19]}
{[%emt 00:00:05]} 3. Nc3 {[%clk 01:31:45]} {[%emt 00:00:06]} Qa5 {[%clk
01:31:39]} {[%emt 00:00:10]} 4. d4 {[%clk 01:32:03]} {[%emt 00:00:11]} Nf6
{[%clk 01:32:01]} {[%emt 00:00:09]} 5. Nf3 {[%clk 01:30:28]} {[%emt 00:02:05]}
Bg4 {[%clk 01:32:15]} {[%emt 00:00:16]} 6. Bd2 {[%clk 01:25:10]} {[%emt
00:05:47]} c6 {[%clk 01:30:39]} {[%emt 00:02:08]} 7. Bc4 {[%clk 01:20:24]}
{[%emt 00:05:11]} e6 {[%clk 01:30:16]} {[%emt 00:00:58]} 8. O-O {[%clk
01:05:42]} {[%emt 00:15:11]} Qh5 {[%clk 01:29:25]} {[%emt 00:01:21]} 9. Be2
{[%clk 01:02:51]} {[%emt 00:03:15]} Bd6 {[%clk 01:20:12]} {[%emt 00:09:50]} 10.
h3 {[%clk 00:55:33]} {[%emt 00:07:47]} Bxh3 {[%clk 01:14:05]} {[%emt 00:06:37]}
11. Ne5 {[%clk 00:53:25]} {[%emt 00:02:35]} Bg4 {[%clk 01:12:46]} {[%emt
00:01:52]} 12. Bxg4 {[%clk 00:52:35]} {[%emt 00:01:16]} Nxg4 {[%clk 00:59:59]}
{[%emt 00:13:22]} 13. Qxg4 {[%clk 00:52:11]} {[%emt 00:00:53]} Qxg4 {[%clk
01:00:22]} {[%emt 00:00:07]} 14. Nxg4 {[%clk 00:52:37]} {[%emt 00:00:04]} Nd7
{[%clk 01:00:44]} {[%emt 00:00:08]} 15. Ne4 {[%clk 00:50:17]} {[%emt 00:02:44]}
Bc7 {[%clk 00:58:42]} {[%emt 00:02:39]} 16. Ne3 {[%clk 00:48:20]} {[%emt
00:02:23]} O-O {[%clk 00:56:35]} {[%emt 00:02:40]} 17. Bb4 {[%clk 00:44:54]}
{[%emt 00:03:53]} Rfd8 {[%clk 00:56:29]} {[%emt 00:00:39]} 18. Rfd1 {[%clk
00:43:04]} {[%emt 00:02:17]} Nb6 {[%clk 00:52:17]} {[%emt 00:04:45]} 19. c4
{[%clk 00:34:30]} {[%emt 00:09:01]} Bf4 {[%clk 00:44:48]} {[%emt 00:08:03]} 20.
b3 {[%clk 00:29:06]} {[%emt 00:05:49]} Rab8 {[%clk 00:39:03]} {[%emt 00:06:20]}
21. g3 {[%clk 00:24:43]} {[%emt 00:04:49]} Bc7 {[%clk 00:37:11]} {[%emt
00:02:25]} 22. Rac1 {[%clk 00:22:30]} {[%emt 00:02:40]} h6 {[%clk 00:33:52]}
{[%emt 00:03:53]} 23. a4 {[%clk 00:18:43]} {[%emt 00:04:13]} Nd7 {[%clk
00:30:04]} {[%emt 00:04:22]} 24. d5 {[%clk 00:10:11]} {[%emt 00:09:01]} exd5
{[%clk 00:22:31]} {[%emt 00:08:03]} 25. cxd5 {[%clk 00:09:48]} {[%emt
00:00:52]} Ne5 {[%clk 00:21:48]} {[%emt 00:01:13]} 26. a5 {[%clk 00:05:01]}
{[%emt 00:05:18]} cxd5 {[%clk 00:17:58]} {[%emt 00:04:20]} 27. Nxd5 {[%clk
00:04:33]} {[%emt 00:00:58]} Nc6 {[%clk 00:16:13]} {[%emt 00:02:16]} 28. Nxc7
{[%clk 00:01:30]} Nxb4 {[%clk 00:16:31]} {[%emt 00:03:44]} 29. Nb5 {[%clk
00:01:26]} {[%emt 00:00:32]} Nc6 {[%clk 00:16:22]} {[%emt 00:00:41]} 30. Kg2
{[%clk 00:01:27]} {[%emt 00:00:28]} Re8 {[%clk 00:15:44]} {[%emt 00:01:09]} 31.
Ned6 {[%clk 00:01:21]} {[%emt 00:00:35]} Re5 {[%clk 00:15:31]} {[%emt
00:00:44]} 32. Re1 {[%clk 00:01:16]} {[%emt 00:00:35]} a6 {[%clk 00:14:53]}
{[%emt 00:01:09]} 33. Rxe5 {[%clk 00:01:20]} {[%emt 00:00:26]} Nxe5 {[%clk
00:15:18]} {[%emt 00:00:05]} 34. Nd4 {[%clk 00:01:38]} {[%emt 00:00:10]} Kh7
{[%clk 00:14:06]} {[%emt 00:01:44]} 35. Rc8 {[%clk 00:01:57]} {[%emt 00:00:09]}
Rxc8 {[%clk 00:14:00]} {[%emt 00:00:38]} 36. Nxc8 {[%clk 00:02:26]} Kg6 {[%clk
00:13:22]} {[%emt 00:01:08]} 37. Nd6 {[%clk 00:02:22]} {[%emt 00:00:32]} Nd7
{[%clk 00:12:31]} {[%emt 00:01:22]} 38. Nxb7 {[%clk 00:01:34]} {[%emt
00:01:19]} Kf6 {[%clk 00:12:40]} {[%emt 00:00:21]} 39. Nd8 {[%clk 00:01:34]}
{[%emt 00:00:26]} Ke7 {[%clk 00:12:35]} {[%emt 00:00:39]} 40. N8c6+ {[%clk
00:01:53]} {[%emt 00:00:09]} Kd6 {[%clk 00:12:42]} {[%emt 00:00:25]} 41. Kf3
{[%clk 00:01:44]} {[%emt 00:00:37]} Kc5 {[%clk 00:12:38]} {[%emt 00:00:36]} 42.
Ke3 {[%clk 00:01:38]} {[%emt 00:00:30]} Nf6 {[%clk 00:12:36]} {[%emt 00:00:39]}
43. f3 {[%clk 00:00:40]} {[%emt 00:01:25]} Nd5+ {[%clk 00:12:04]} {[%emt
00:01:04]} 44. Ke4 {[%clk 00:00:31]} {[%emt 00:00:39]} Nf6+ {[%clk 00:10:37]}
{[%emt 00:01:57]} 45. Kd3 {[%clk 00:26:21]} {[%emt 00:04:39]} Nd5 {[%clk
00:40:03]} {[%emt 00:01:05]} 46. Kc2 {[%clk 00:22:20]} {[%emt 00:04:27]} Ne3+
{[%clk 00:38:47]} {[%emt 00:01:49]} 47. Kb2 {[%clk 00:19:46]} {[%emt 00:03:02]}
Nd5 {[%clk 00:37:32]} {[%emt 00:01:47]} 48. Ka3 {[%clk 00:16:39]} {[%emt
00:03:33]} Nc7 {[%clk 00:35:41]} {[%emt 00:02:25]} 49. b4+ {[%clk 00:10:09]}
{[%emt 00:06:58]} Kd5 {[%clk 00:34:47]} {[%emt 00:01:27]} 50. Ka4 {[%clk
00:09:54]} {[%emt 00:00:40]} f6 {[%clk 00:34:06]} {[%emt 00:01:16]} 51. Kb3
{[%clk 00:06:03]} {[%emt 00:04:18]} g6 {[%clk 00:33:43]} {[%emt 00:00:55]} 52.
Kc3 {[%clk 00:05:24]} {[%emt 00:01:07]} g5 {[%clk 00:33:13]} {[%emt 00:01:02]}
53. Ne7+ {[%clk 00:04:52]} {[%emt 00:01:01]} Ke5 {[%clk 00:33:08]} {[%emt
00:00:36]} 54. Kc4 {[%clk 00:03:49]} {[%emt 00:01:32]} h5 {[%clk 00:32:38]}
{[%emt 00:01:01]} 55. Ng6+ {[%clk 00:03:17]} {[%emt 00:01:01]} Kd6 {[%clk
00:31:55]} {[%emt 00:01:15]} 56. b5 {[%clk 00:01:12]} {[%emt 00:02:35]} axb5+
{[%clk 00:30:16]} {[%emt 00:02:08]} 57. Nxb5+ {[%clk 00:01:40]} {[%emt
00:00:02]} Nxb5 {[%clk 00:30:39]} {[%emt 00:00:07]} 58. Kxb5 {[%clk 00:02:08]}
{[%emt 00:00:02]} Kc7 {[%clk 00:30:58]} {[%emt 00:00:12]} 59. Kc5 {[%clk
00:02:11]} {[%emt 00:00:26]} Kb7 {[%clk 00:28:47]} {[%emt 00:02:41]} 60. Kd5
{[%clk 00:02:18]} {[%emt 00:00:23]} f5 {[%clk 00:28:38]} {[%emt 00:00:40]} 61.
f4 {[%clk 00:02:32]} {[%emt 00:00:15]} h4 {[%clk 00:28:45]} {[%emt 00:00:24]}
62. Nxh4 {[%clk 00:02:50]} {[%emt 00:00:11]} gxf4 {[%clk 00:28:07]} {[%emt
00:01:09]} 63. gxf4 {[%clk 00:03:13]} {[%emt 00:00:07]} Ka6 {[%clk 00:28:34]}
{[%emt 00:00:03]} 64. Nxf5 {[%clk 00:03:34]} {[%emt 00:00:09]} Kxa5 {[%clk
00:28:56]} {[%emt 00:00:08]} 65. Nd6 {[%clk 00:03:54]} {[%emt 00:00:08]} Kb6
{[%clk 00:29:14]} {[%emt 00:00:13]} 66. Ke6 {[%clk 00:04:05]} {[%emt 00:00:17]}
Kc6 {[%clk 00:29:38]} {[%emt 00:00:08]} 67. f5 {[%clk 00:04:20]} {[%emt
00:00:15]} Kc7 {[%clk 00:30:00]} {[%emt 00:00:07]} 68. Ke7 {[%clk 00:04:38]}
{[%emt 00:00:12]} Kc6 {[%clk 00:30:17]} {[%emt 00:00:14]} 69. f6 {[%clk
00:05:04]} {[%emt 00:00:04]} Kd5 {[%clk 00:30:30]} {[%emt 00:00:16]} 70. f7
{[%clk 00:05:28]} {[%emt 00:00:07]} Kc5 {[%clk 00:30:31]} {[%emt 00:00:29]} 71.
f8=Q {[%clk 00:05:52]} {[%emt 00:00:07]} Kd5 {[%clk 00:30:49]} {[%emt
00:00:12]} 72. Nb7 {[%clk 00:05:48]} {[%emt 00:00:33]} Kd4 {[%clk 00:31:09]}
{[%emt 00:00:11]} 73. Qf5 {[%clk 00:06:10]} {[%emt 00:00:07]} 1-0

[Event "DVM U20w 2023"]
[Site "Magdeburg GER"]
[Date "2023.12.29"]
[Round "5"]
[White "Fock, Amina"]
[Black "Buchholz, Maja Patricia"]
[Result "0-1"]
[Termination "normal"]
[Board "5.1"]
[WhiteElo "1865"]
[BlackElo "1945"]
[WhiteClock "00:00:49"]
[BlackClock "00:08:44"]
[WhiteTeam "SC Kreuzberg"]
[BlackTeam "VSG 1880 Offenbach"]
[PlyCount "92"]
[WhiteFideId "12981982"]
[BlackFideId "16200500"]
[EventCountry "GER"]
[EventRounds "7"]
[EventType "team-swiss"]
[EventDate "2023.12.26"]

1. e4 {[%clk 01:30:57]} {[%emt 00:00:02]} e6 {[%clk 01:30:48]} {[%emt
00:00:13]} 2. d4 {[%clk 01:31:23]} {[%emt 00:00:05]} d5 {[%clk 01:31:12]}
{[%emt 00:00:05]} 3. Nd2 {[%clk 01:31:48]} {[%emt 00:00:05]} Be7 {[%clk
01:31:37]} {[%emt 00:00:05]} 4. Bd3 {[%clk 01:31:57]} {[%emt 00:00:22]} c5
{[%clk 01:30:54]} {[%emt 00:01:13]} 5. dxc5 {[%clk 01:32:03]} {[%emt 00:00:24]}
Nf6 {[%clk 01:29:59]} {[%emt 00:01:25]} 6. Qe2 {[%clk 01:32:00]} {[%emt
00:00:35]} O-O {[%clk 01:29:46]} {[%emt 00:00:42]} 7. Ngf3 {[%clk 01:30:37]}
{[%emt 00:01:53]} a5 {[%clk 01:29:39]} {[%emt 00:00:36]} 8. O-O {[%clk
01:30:35]} {[%emt 00:00:31]} Na6 {[%clk 01:29:43]} {[%emt 00:00:27]} 9. e5
{[%clk 01:29:53]} {[%emt 00:01:12]} Nd7 {[%clk 01:30:03]} {[%emt 00:00:10]} 10.
c3 {[%clk 01:30:10]} {[%emt 00:00:13]} Naxc5 {[%clk 01:29:45]} {[%emt
00:00:49]} 11. Bc2 {[%clk 01:30:30]} {[%emt 00:00:10]} b5 {[%clk 01:29:24]}
{[%emt 00:00:51]} 12. a3 {[%clk 01:25:45]} {[%emt 00:05:15]} Qc7 {[%clk
01:27:57]} {[%emt 00:01:56]} 13. Re1 {[%clk 01:23:26]} {[%emt 00:02:49]} Ba6
{[%clk 01:27:31]} {[%emt 00:00:56]} 14. b4 {[%clk 01:21:30]} {[%emt 00:02:27]}
Na4 {[%clk 01:26:55]} {[%emt 00:01:06]} 15. Qd3 {[%clk 01:16:15]} {[%emt
00:05:45]} g6 {[%clk 01:27:02]} {[%emt 00:00:22]} 16. Bxa4 {[%clk 01:10:02]}
{[%emt 00:06:44]} bxa4 {[%clk 01:27:13]} {[%emt 00:00:19]} 17. Qe3 {[%clk
00:56:08]} {[%emt 00:14:23]} Rfc8 {[%clk 01:22:36]} {[%emt 00:05:07]} 18. Bb2
{[%clk 00:54:56]} {[%emt 00:01:42]} Rab8 {[%clk 01:14:24]} {[%emt 00:08:43]}
19. Nd4 {[%clk 00:50:21]} {[%emt 00:05:05]} Nc5 {[%clk 01:02:22]} {[%emt
00:12:33]} 20. Rab1 {[%clk 00:32:00]} {[%emt 00:18:50]} Nd3 {[%clk 01:00:13]}
{[%emt 00:02:40]} 21. Ba1 {[%clk 00:31:32]} {[%emt 00:00:58]} Nxe1 {[%clk
00:50:27]} {[%emt 00:10:16]} 22. Rxe1 {[%clk 00:31:45]} {[%emt 00:00:15]} axb4
{[%clk 00:38:09]} {[%emt 00:12:49]} 23. axb4 {[%clk 00:30:25]} {[%emt
00:01:51]} a3 {[%clk 00:35:52]} {[%emt 00:02:47]} 24. N2b3 {[%clk 00:20:27]}
{[%emt 00:10:28]} Bc4 {[%clk 00:34:30]} {[%emt 00:01:52]} 25. Na5 {[%clk
00:19:31]} {[%emt 00:01:26]} Ra8 {[%clk 00:32:32]} {[%emt 00:02:28]} 26. Qc1
{[%clk 00:13:56]} {[%emt 00:06:04]} Rxa5 {[%clk 00:28:22]} {[%emt 00:04:42]}
27. bxa5 {[%clk 00:14:14]} {[%emt 00:00:12]} Qxa5 {[%clk 00:28:46]} {[%emt
00:00:06]} 28. Qb1 {[%clk 00:07:07]} {[%emt 00:07:36]} Qc7 {[%clk 00:24:16]}
{[%emt 00:05:00]} 29. Nb5 {[%clk 00:06:18]} {[%emt 00:01:20]} Qb8 {[%clk
00:23:30]} {[%emt 00:01:16]} 30. Nd4 {[%clk 00:06:06]} {[%emt 00:00:42]} Bc5
{[%clk 00:22:04]} {[%emt 00:01:55]} 31. Qxb8 {[%clk 00:04:28]} {[%emt
00:02:08]} Rxb8 {[%clk 00:22:28]} {[%emt 00:00:07]} 32. Nc6 {[%clk 00:02:57]}
{[%emt 00:02:01]} Rb6 {[%clk 00:17:42]} {[%emt 00:05:14]} 33. Nb4 {[%clk
00:03:08]} {[%emt 00:00:20]} a2 {[%clk 00:15:52]} {[%emt 00:02:20]} 34. g3
{[%clk 00:02:47]} {[%emt 00:00:51]} d4 {[%clk 00:08:51]} {[%emt 00:07:30]} 35.
Nxa2 {[%clk 00:03:08]} {[%emt 00:00:10]} Bxa2 {[%clk 00:09:12]} {[%emt
00:00:09]} 36. cxd4 {[%clk 00:03:34]} {[%emt 00:00:05]} Be7 {[%clk 00:08:07]}
{[%emt 00:01:34]} 37. f4 {[%clk 00:03:35]} {[%emt 00:00:27]} Rb1 {[%clk
00:08:18]} {[%emt 00:00:20]} 38. Rxb1 {[%clk 00:02:59]} {[%emt 00:01:06]} Bxb1
{[%clk 00:08:42]} {[%emt 00:00:06]} 39. Bc3 {[%clk 00:03:22]} {[%emt 00:00:08]}
Kf8 {[%clk 00:08:46]} {[%emt 00:00:25]} 40. Kf2 {[%clk 00:03:31]} {[%emt
00:00:20]} Ke8 {[%clk 00:08:57]} {[%emt 00:00:20]} 41. Ke3 {[%clk 00:02:41]}
{[%emt 00:01:20]} Bf5 {[%clk 00:08:46]} {[%emt 00:00:40]} 42. Ba5 {[%clk
00:01:58]} {[%emt 00:01:13]} Kd7 {[%clk 00:08:57]} {[%emt 00:00:19]} 43. Kd2
{[%clk 00:00:59]} {[%emt 00:01:30]} Kc6 {[%clk 00:09:11]} {[%emt 00:00:16]} 44.
Ke3 {[%clk 00:01:25]} {[%emt 00:00:05]} Kb5 {[%clk 00:08:21]} {[%emt 00:01:19]}
45. Bc3 {[%clk 00:00:36]} {[%emt 00:01:20]} Bb4 {[%clk 00:08:31]} {[%emt
00:00:21]} 46. Bb2 {[%clk 00:00:49]} {[%emt 00:00:16]} Kc4 {[%clk 00:08:44]}
{[%emt 00:00:16]} 0-1

[Event "DVM U20w 2023"]
[Site "Magdeburg GER"]
[Date "2023.12.29"]
[Round "5"]
[White "Werner, Rosalie"]
[Black "Mazurtsova, Margarita"]
[Result "1-0"]
[Termination "normal"]
[Board "5.2"]
[WhiteElo "1771"]
[BlackElo "1682"]
[WhiteClock "00:08:52"]
[BlackClock "00:21:21"]
[WhiteTeam "VSG 1880 Offenbach"]
[BlackTeam "SC Kreuzberg"]
[PlyCount "113"]
[WhiteFideId "16223748"]
[BlackFideId "14188961"]
[EventCountry "GER"]
[EventRounds "7"]
[EventType "team-swiss"]
[EventDate "2023.12.26"]

1. e4 {[%clk 01:30:58]} e6 {[%clk 01:30:47]} {[%emt 00:00:13]} 2. d4 {[%clk
01:31:20]} {[%emt 00:00:09]} d5 {[%clk 01:31:11]} {[%emt 00:00:06]} 3. Nd2
{[%clk 01:31:45]} {[%emt 00:00:05]} Nf6 {[%clk 01:31:32]} {[%emt 00:00:09]} 4.
e5 {[%clk 01:32:08]} {[%emt 00:00:07]} Nfd7 {[%clk 01:31:55]} {[%emt 00:00:05]}
5. Bd3 {[%clk 01:32:29]} {[%emt 00:00:11]} a6 {[%clk 01:32:03]} {[%emt
00:00:21]} 6. Ne2 {[%clk 01:32:10]} {[%emt 00:00:50]} c5 {[%clk 01:32:22]}
{[%emt 00:00:10]} 7. c3 {[%clk 01:32:26]} {[%emt 00:00:15]} Be7 {[%clk
01:32:22]} {[%emt 00:00:27]} 8. O-O {[%clk 01:32:02]} {[%emt 00:00:57]} cxd4
{[%clk 01:32:40]} {[%emt 00:00:10]} 9. cxd4 {[%clk 01:32:27]} {[%emt 00:00:06]}
O-O {[%clk 01:33:01]} {[%emt 00:00:07]} 10. Nf3 {[%clk 01:31:23]} {[%emt
00:01:36]} f6 {[%clk 01:31:49]} {[%emt 00:01:40]} 11. exf6 {[%clk 01:31:18]}
{[%emt 00:00:37]} Nxf6 {[%clk 01:27:31]} {[%emt 00:04:47]} 12. h3 {[%clk
01:26:04]} {[%emt 00:05:44]} Nc6 {[%clk 01:26:37]} {[%emt 00:01:24]} 13. Re1
{[%clk 01:20:57]} {[%emt 00:05:38]} Bd6 {[%clk 01:20:24]} {[%emt 00:06:40]} 14.
Bf4 {[%clk 01:18:38]} {[%emt 00:02:51]} Nh5 {[%clk 01:12:28]} {[%emt 00:08:25]}
15. Bxd6 {[%clk 01:15:08]} {[%emt 00:04:01]} Qxd6 {[%clk 01:12:08]} {[%emt
00:00:50]} 16. Qd2 {[%clk 01:07:20]} {[%emt 00:08:18]} Nf4 {[%clk 01:03:35]}
{[%emt 00:09:03]} 17. Nxf4 {[%clk 01:05:28]} {[%emt 00:02:23]} Rxf4 {[%clk
00:58:00]} {[%emt 00:06:02]} 18. Qe3 {[%clk 00:45:03]} {[%emt 00:20:58]} Bd7
{[%clk 00:49:38]} {[%emt 00:08:50]} 19. Re2 {[%clk 00:32:51]} {[%emt 00:12:44]}
h6 {[%clk 00:47:06]} {[%emt 00:03:01]} 20. Ne5 {[%clk 00:28:50]} {[%emt
00:04:31]} Rf6 {[%clk 00:41:44]} {[%emt 00:05:50]} 21. Rae1 {[%clk 00:28:03]}
{[%emt 00:01:20]} Nb4 {[%clk 00:39:19]} {[%emt 00:02:53]} 22. Bb1 {[%clk
00:25:28]} {[%emt 00:03:07]} Bb5 {[%clk 00:37:27]} {[%emt 00:02:21]} 23. Rd2
{[%clk 00:25:35]} {[%emt 00:00:23]} Rc8 {[%clk 00:36:19]} {[%emt 00:01:37]} 24.
b3 {[%clk 00:21:29]} {[%emt 00:04:38]} a5 {[%clk 00:31:58]} {[%emt 00:04:51]}
25. a3 {[%clk 00:16:48]} {[%emt 00:05:11]} Nc6 {[%clk 00:31:20]} {[%emt
00:01:06]} 26. a4 {[%clk 00:11:02]} {[%emt 00:06:18]} Ba6 {[%clk 00:31:34]}
{[%emt 00:00:15]} 27. Rc2 {[%clk 00:11:14]} {[%emt 00:00:18]} Rcf8 {[%clk
00:29:07]} {[%emt 00:02:55]} 28. Nxc6 {[%clk 00:06:23]} {[%emt 00:05:23]} bxc6
{[%clk 00:29:22]} {[%emt 00:00:14]} 29. Rec1 {[%clk 00:06:40]} {[%emt
00:00:14]} Bb7 {[%clk 00:26:31]} {[%emt 00:03:20]} 30. f3 {[%clk 00:06:43]}
{[%emt 00:00:28]} Qg3 {[%clk 00:26:17]} {[%emt 00:00:42]} 31. Rf2 {[%clk
00:06:09]} {[%emt 00:01:05]} Qd6 {[%clk 00:19:18]} {[%emt 00:07:26]} 32. Rc5
{[%clk 00:05:13]} {[%emt 00:01:29]} Rf4 {[%clk 00:14:03]} {[%emt 00:05:45]} 33.
Re2 {[%clk 00:03:51]} {[%emt 00:01:51]} Bc8 {[%clk 00:12:47]} {[%emt 00:01:48]}
34. Qc3 {[%clk 00:03:44]} {[%emt 00:00:36]} Bd7 {[%clk 00:10:42]} {[%emt
00:02:36]} 35. Rxa5 {[%clk 00:03:42]} {[%emt 00:00:32]} Rh4 {[%clk 00:10:54]}
{[%emt 00:00:17]} 36. Ra7 {[%clk 00:02:12]} {[%emt 00:02:00]} Qg3 {[%clk
00:09:07]} {[%emt 00:02:18]} 37. Rxd7 {[%clk 00:00:48]} {[%emt 00:01:55]} Rxh3
{[%clk 00:09:30]} {[%emt 00:00:07]} 38. Qd3 {[%clk 00:01:04]} {[%emt 00:00:13]}
Qh2+ {[%clk 00:04:56]} {[%emt 00:05:04]} 39. Kf2 {[%clk 00:00:51]} {[%emt
00:00:43]} Qg3+ {[%clk 00:04:53]} {[%emt 00:00:32]} 40. Kg1 {[%clk 00:01:15]}
{[%emt 00:00:08]} Qh2+ {[%clk 00:05:08]} {[%emt 00:00:14]} 41. Kf1 {[%clk
00:15:02]} {[%emt 00:16:43]} Qh1+ {[%clk 00:25:01]} {[%emt 00:10:37]} 42. Kf2
{[%clk 00:15:24]} {[%emt 00:00:09]} Rfxf3+ {[%clk 00:21:17]} {[%emt 00:04:14]}
43. gxf3 {[%clk 00:15:14]} {[%emt 00:00:40]} Rh2+ {[%clk 00:20:01]} {[%emt
00:01:46]} 44. Ke3 {[%clk 00:15:23]} {[%emt 00:00:19]} Qc1+ {[%clk 00:20:20]}
{[%emt 00:00:11]} 45. Qd2 {[%clk 00:14:02]} {[%emt 00:01:53]} Qg1+ {[%clk
00:20:41]} {[%emt 00:00:08]} 46. Rf2 {[%clk 00:11:12]} {[%emt 00:03:20]} Rxf2
{[%clk 00:20:20]} {[%emt 00:00:51]} 47. Qxf2 {[%clk 00:11:33]} {[%emt
00:00:09]} Qxb1 {[%clk 00:20:43]} {[%emt 00:00:06]} 48. Rb7 {[%clk 00:10:34]}
{[%emt 00:01:30]} Qc1+ {[%clk 00:20:45]} {[%emt 00:00:28]} 49. Qd2 {[%clk
00:10:48]} {[%emt 00:00:17]} Qg1+ {[%clk 00:21:02]} {[%emt 00:00:13]} 50. Kd3
{[%clk 00:10:09]} {[%emt 00:01:09]} Qf1+ {[%clk 00:20:55]} {[%emt 00:00:36]}
51. Qe2 {[%clk 00:10:20]} {[%emt 00:00:20]} Qb1+ {[%clk 00:21:12]} {[%emt
00:00:11]} 52. Kd2 {[%clk 00:09:35]} {[%emt 00:01:16]} Qb2+ {[%clk 00:21:22]}
{[%emt 00:00:18]} 53. Ke1 {[%clk 00:09:29]} {[%emt 00:00:38]} Qa1+ {[%clk
00:21:39]} {[%emt 00:00:12]} 54. Qd1 {[%clk 00:09:20]} {[%emt 00:00:37]} Qc3+
{[%clk 00:22:01]} {[%emt 00:00:10]} 55. Kf2 {[%clk 00:09:12]} {[%emt 00:00:40]}
Qb2+ {[%clk 00:21:08]} {[%emt 00:01:21]} 56. Kg3 {[%clk 00:08:55]} {[%emt
00:00:48]} Qa3 {[%clk 00:21:21]} {[%emt 00:00:15]} 57. Qe2 {[%clk 00:08:52]}
{[%emt 00:00:33]} 1-0